Pays frontaliers de la Suisse. - Statistiques

Statistiques générales
  • Ce quiz a été pris 20 389 fois
  • Le résultat moyen est 5 sur 5
Statistiques - réponses
Longueur Pays frontalier % Correct
572 km France
100%
334 km Allemagne
99%
740 km Italie
99%
164 km Autriche
93%
41 km Liechtenstein
82%
Aucun quiz correspondant
Distribution des résultats
% des personnes avec chaque résultat
Percentile par nombre de réponses
Votre historique - résultats
Vous n’avez pas pris ce quiz